000 00732nam a22002777i 4500
003 DO-SdBNP
005 20260306094804.0
007 ta
008 260406b2002 dr ||||| |||| 00| 0 spa d
040 _aDO-SdBNP
_bspa
_cBNPHU
_erda
041 _aspa
082 4 _axxx
_bN964
_222
110 _9447
245 1 0 _aNuevo código procesal penal de la República Dominicana
264 _aSanto Domingo :
_bEditora Tavarez,
_c2002
300 _a164 páginas ;
_c24 cm.
336 _ardacontent
_btexto
_2txt
337 _ardamedia
_bsin mediación
_2n
338 _ardacarrier
_bvolumen
_2nc
590 _aInventariada, 2026/DG
700 _a
_973577
700 _967426
700 _981887
910 _aDG
942 _2ddc
_cLBS1
999 _c60454
_d60454